Statistics for Eastmain River Airport Destinations (Eastmain, Canada)

Click here to take the quiz!

General Stats

  • This quiz has been taken 2 times
  • The average score is 2 of 8

Answer Stats

AirlineDestination% Correct
Air CreebecMontreal (Trudeau)
100%
Air CreebecVal-d'Or
50%
Air CreebecChibougamau
0%
Air CreebecChisasibi
0%
Air CreebecKuujjuarapik
0%
Air CreebecNemaska
0%
Air CreebecWaskaganish
0%
Air CreebecWemindji
0%

Score Distribution

Percentile by Number Answered

Percent of People with Each Score

Your Score History

You have not taken this quiz